Value dilemmas in the professional conduct of social science

Uloženo v:
Podrobná bibliografie
Hlavní autor: Davidson Reynolds, Paul
Médium: Text
Vydáno: París :
Témata:
Tagy: Přidat tag
Žádné tagy, Buďte první, kdo vytvoří štítek k tomuto záznamu!

MARC

LEADER 00000 a a2200000 04500
001 17226
003
040
090 |a 006300  
100 |a Davidson Reynolds, Paul  
245 |a Value dilemmas in the professional conduct of social science  
260 |a París :  
300 |a pp 564-611  
650 |a CIENCIAS SOCIALES  
999 |c 1313  |d 1313